000 00320nam a22001337a 4500
008 240216b |||||||| |||| 00| 0 eng d
020 _a81-947400-4-5
100 _aA. Kazmi & A. Kazmi
245 _aStrategic Management
250 _a5th
260 _aNew Delhi
_bMcGraw Hill
_c2023
300 _a788
942 _2ddc
_cBK
999 _c20596
_d20596